| 000 | 00997nam0a2200253 4500 | ||
|---|---|---|---|
| 001 | RU\NLR\BIBL_A\010588586 | ||
| 005 | 20250614075643.0 | ||
| 035 | _a(NLR Aleph) 010588586 | ||
| 090 |
_a10493170 _c10493171 |
||
| 100 | _a20150121d1980 |||y0rusy50 ca | ||
| 101 | 0 | _asah | |
| 102 | _aRU | ||
| 105 | _ay z 000yy | ||
| 200 | 1 |
_aТуус кэнэли _eсэһэн _e[орто уонна улахан саастаах оҕолорго] _fИван Нуолур |
|
| 210 |
_aЯкутскай _cСаха сиринээҕи кинигэ изд-вота _d1980 |
||
| 215 |
_a85,[1] с. _d19 |
||
| 300 | _aВ вып. дан авт.: Иван Герасимович Иванов - Иван Нуолур | ||
| 541 | 1 |
_aТуус Кэнэли _eповесть _eдля детей сред. и ст. шк. возраста _zrus |
|
| 686 | 1 | _aШ9(2)6=Я-4 | |
| 700 | 1 |
_aНуолур _bИ. _gИван _4070 |
|
| 852 |
_aNLR _bОНЛ _jЯкут./2-2211 |
||
| 942 | _cBOOK | ||
| 980 | _aNB | ||